Países con más de 50 millones de habitantes - Estadísticas

Estadísticas generales
  • Esta prueba ha sido intentada 80 veces
  • La puntuación promedio es 27 de 31
Estadísticas de respuestas
Desde Millones País % Correcto
-100 1 427 China
100%
1880 349 Estados Unidos
100%
500 1 451 India
100%
1969 131 México
100%
1893 84,5 Alemania
98%
1949 212 Brasil
97%
1965 69,1 Francia
97%
2013 51,7 Corea del Sur
95%
1911 124 Japón
95%
1825 145 Rusia
95%
1985 117 Egipto
94%
1962 59,3 Italia
94%
1963 251 Pakistán
94%
1948 69,7 Reino Unido
94%
2000 109 República Democrática del Congo
94%
2022 50,5 Sudá
94%
2019 52,9 Colombia
91%
1916 283 Indonesia
91%
1965 233 Nigeria
91%
1984 87,5 Turquía
91%
1985 91,6 Irán
88%
2006 64,0 Sudáfrica
88%
1959 174 Bangladés
86%
1985 71,7 Tailandia
85%
1982 116 Filipinas
82%
1991 132 Etiopía
80%
1978 101 Vietnam
78%
2018 56,5 Kenia
77%
2014 68,7 Tanzania
71%
2012 54,5 Birmania
54%
2024 50,1 Uganda
45%
No se encontraron pruebas coincidentes
Distribución de puntuación
Porcentaje de gente con cada puntuación
Porcentaje por número respondido
Historial de tus puntuaciones
No has intentado esta prueba.